Pri operatívnom lízingu sa DPH platí dvakrát

Od začiatku r. 2002 si firmy pri nájme osobných automobilov nemôžu uplatniť nárok na odpočet DPH. Dôvodom je možné použitie áut aj na súkromné účely. Podľa novely zákona o DPH nie je možné pri nájme osobného automobilu požiadať o vrátenie dane. Cena nájomného sa tak zvýšila o desať percent. Zdaňovan...

Description complète

Enregistré dans:
Détails bibliographiques
Auteur principal: Apolen, Peter
Format: Chapitre de livre
Langue:slovaque
Sujets:
Tags: Ajouter un tag
Pas de tags, Soyez le premier à ajouter un tag!

MARC

LEADER 00000naa a2200000 4500
001 r045519
005 20230921114130.1
041 0 |a slo 
044 |a SK 
245 1 0 |a Pri operatívnom lízingu sa DPH platí dvakrát  |c Peter Apolen 
520 |a Od začiatku r. 2002 si firmy pri nájme osobných automobilov nemôžu uplatniť nárok na odpočet DPH. Dôvodom je možné použitie áut aj na súkromné účely. Podľa novely zákona o DPH nie je možné pri nájme osobného automobilu požiadať o vrátenie dane. Cena nájomného sa tak zvýšila o desať percent. Zdaňovanie operatívneho lízingu je v SR tvrdšie ako vo väčšine európskych krajín. Služby a limit. Požičovne verzus operatívny lízing. 
610 2 0 |a lízing operatívny 
610 2 0 |a automobily osobné 
610 2 0 |a dane z hodnoty pridanej 
610 2 0 |a odpočet dane 
610 2 0 |a zdaňovanie 
610 2 0 |a Slovensko 
610 2 0 |a Európa 
100 1 |a Apolen, Peter